LEADER 01372nam 2200445 450 001 9910397908603321 005 20211005150807.0 010 $a84-9148-403-5 035 $a(CKB)3840000000348960 035 $a(MiAaPQ)EBC5349658 035 $a(MiAaPQ)EBC6522345 035 $a(Au-PeEL)EBL6522345 035 $a(OCoLC)1246574556 035 $a(EXLCZ)993840000000348960 100 $a20180622d2017 uy 0 101 0 $aspa 135 $aurcnu|||||||| 181 $2rdacontent 182 $2rdamedia 183 $2rdacarrier 200 10$aNovedades de Derecho cano?nico y Derecho eclesia?stico del Estado $ea un an?o de la reforma del proceso matrimonial /$fLourdes Ruano Espina y Jose? Luis Sa?nchez-Giro?n (editores) 210 1$aMadrid :$cDykinson,$d2017. 215 $a1 online resource (371 pa?ginas) 311 $a84-9148-359-4 606 $aCanon Laws$vCongresses 606 $aDerecho 606 $aReligio?n 608 $aLibros electronicos. 615 0$aCanon Laws 615 4$aDerecho. 615 4$aReligio?n. 676 $a262.9 702 $aRuano Espina$b Lourdes 702 $aSa?nchez-Giro?n Jose? Luis 801 0$bFINmELB 801 1$bFINmELB 906 $aBOOK 912 $a9910397908603321 996 $aNovedades de Derecho cano?nico y Derecho eclesia?stico del Estado$91898039 997 $aUNINA LEADER 01792nas 2200529- 450 001 9910258743803321 005 20220411213022.0 011 $a2589-5486 035 $a(OCoLC)1059027046 035 $a(CKB)9870000000002204 035 $a(CONSER)--2021241034 035 $a(DE-599)ZDB2918503-8 035 $a(EXLCZ)999870000000002204 100 $a20180201a20189999 --- a 101 0 $aeng 135 $aurmn||||||||| 181 $ctxt$2rdacontent 182 $cc$2rdamedia 183 $acr$2rdacarrier 200 10$aAlgebraic combinatorics 210 1$a[Grenoble, France] :$cCentre Mersenne ;$a[Amsterdam] :$cMathOA,$d2018- 210 31$aMinneapolis, Minn. :$cThe Combinatorics Consortium 215 $a1 online resource 300 $aRefereed/Peer-reviewed. 300 $a"The journal is a member of Centre Mersenne for Open scientific publishing and is published using its platform, developed by Mathdoc in France (Université Grenoble Alpes, CNRS)." --About page. 300 $aRefereed/Peer-reviewed 606 $aCombinatorial analysis$vPeriodicals 606 $aAlgebra$vPeriodicals 606 $aAnalyse combinatoire$vPériodiques 606 $aAlgèbre$vPériodiques 606 $aAlgebra$2fast$3(OCoLC)fst00804885 606 $aCombinatorial analysis$2fast$3(OCoLC)fst00868961 608 $aPeriodicals.$2fast 608 $aZeitschrift.$2gnd-content 615 0$aCombinatorial analysis 615 0$aAlgebra 615 6$aAnalyse combinatoire 615 6$aAlgèbre 615 7$aAlgebra. 615 7$aCombinatorial analysis. 676 $a510 712 02$aCentre Mersenne. 712 02$aCombinatorics Consortium. 906 $aJOURNAL 912 $a9910258743803321 996 $aAlgebraic combinatorics$91924607 997 $aUNINA LEADER 02575oam 2200565 450 001 9910715959003321 005 20210524123100.0 035 $a(CKB)5470000002516504 035 $a(OCoLC)1245495951 035 $a(OCoLC)995470000002516504 035 $a(EXLCZ)995470000002516504 100 $a20210408d1985 ua 0 101 0 $aeng 135 $aur||||||||||| 181 $ctxt$2rdacontent 182 $cc$2rdamedia 183 $acr$2rdacarrier 200 10$aCompetency-based career guidance modules $eCategory A : guidance program planning /$fby Anita M. Mitchell [and seven others] 210 1$aColumbus, Ohio :$cThe National Center for Research in Vocational Education, The Ohio State University,$d1985. 215 $a6 volumes $cillustrations 300 $a"Module CG." 300 $a"Published and distributed by Bell & Howell Publication Systems Division." 320 $aIncludes bibliographical references. 327 $aA-1. Identify and plan for guidance program change / Anita M. Mitchell, Freddie L. Williams -- A-2. Organize guidance program development team / Walter Stein, Harry Drier --A-3. Collaborate with the community -- A-4. Establish a career development theory / Juliet V. Miller. -- A-5. Build a guidance program planning model / Patricia Henderson, Freddie L. Williams -- A-6. Determine client and environmental needs / Linda A. Pfister, Carol Saunders. 517 $aCompetency-based career guidance modules 606 $aCounseling$xStudy and teaching$zUnited States 606 $aVocational guidance$xStudy and teaching$zUnited States 606 $aCounseling$xStudy and teaching$2fast 606 $aVocational guidance$xStudy and teaching$2fast 607 $aUnited States$2fast 615 0$aCounseling$xStudy and teaching 615 0$aVocational guidance$xStudy and teaching 615 7$aCounseling$xStudy and teaching. 615 7$aVocational guidance$xStudy and teaching. 700 $aMitchell$b Anita M.$01409746 712 02$aNational Center for Research in Vocational Education (U.S.), 712 02$aUnited States.$bOffice of Vocational and Adult Education, 712 02$aBell & Howell Co. 712 02$aAmerican Association for Counseling and Development. 712 02$aAmerican Institutes for Research. 712 02$aAmerican Vocational Association. 801 0$bGPO 801 1$bGPO 801 2$bOCLCO 801 2$bOCLCF 801 2$bGPO 906 $aBOOK 912 $a9910715959003321 996 $aCompetency-based career guidance modules$93496959 997 $aUNINA